000 00920cam a22002175a 4500
001 L159609
008 171116s191 xxk f 000 0 eng d
020 _a1874059020
035 _a(Sirsi) u159609
041 0 _aeng
100 1 _aSmith, A
245 0 0 _aVehicle routing systems and GIS
260 _aLondon
_bAGI
_c1991
300 _a18p ; 25 cm
520 _aReviews the current vehicle routing industry indicating how it involves GIS. Covers position finding options including dead reckoning, dead reckoning with map matching, radio signals, beacons and satellites. Looks at Geographic data including Ordnance Survey and OSCAR and The Automobile Association's AUTOMAPS. Concludes with a round up on current radio navigation systems, beacon navigation systems and satellite positioning systems.
590 _aNTK
650 2 4 _aGIS
651 4 _aInternational
690 _aGeomatics
_96242
942 _n0
999 _c116045
_d116045